Wonders of Egypt /

محفوظ في:

المؤلف الرئيسي: Ferrero, Giorgio, 1978- (مؤلف)

مؤلفون آخرون: Goldwater, Alan

التنسيق: كتاب

اللغة: English

منشور في: Cario : American University in Cairo Press, 2009.

سلاسل: Cuba book.

الموضوعات:

الوسوم: إضافة وسم

لا توجد وسوم, كن أول من يضع وسما على هذه التسجيلة!

رقم الطلب: DT47 .F33 2009

LEADER 00802namaa2200265 4500
001 15917
003 OSt
005 20250515080723.0
008 130303s2009 ua a 001 0 eng d
020 |a 9789774163166 
040 |c ARCE Library 
043 |a f-ua--- 
050 4 |a DT47 .F33 2009 
100 1 |a Ferrero, Giorgio,   |d 1978-   |e author 
245 1 0 |a Wonders of Egypt /   |c text, Giorgio Ferrero ; translation, Alan Goldwater. 
264 1 |a Cario :   |b American University in Cairo Press,   |c 2009. 
300 |a 735 pages :  |b chiefly illustrations (colour) ;   |c 17 cm. 
490 0 |a Cuba book. 
500 |a Includes index.  
651 0 |a Egypt  |x Antiquities  |v Pictorial works. 
651 0 |a Egypt  |v Pictorial works. 
700 1 |a Goldwater, Alan, 
901 |a reviewed 
942 |c BK  |2 lcc 
999 |c 15681  |d 15681